000 00335nam a2200133Ia 4500
005 20250729165807.0
008 250729s2011 xx 000 0 und d
041 _aeng
082 _a540.50 BRUO
100 _aBruice Paula yur
_9233129
245 _aOrganic Chemistry
260 _aNew Delhi
_bPearson
_c2011
650 _aScience
_9233130
999 _c240127
_d240127